Logo BPK

Biblioteka

Politechniki Koszalińskiej

Database system implementation / (Rekord nr 36813)

Szczegóły MARC
000 -ETYKIETA REKORDU
podpole kontrolne o stałej długości 00688nam a2200229 i 4500
001 - NUMER KONTROLNY REKORDU
pole kontrolne bg
020 ## - MIĘDZYNARODOWY ZNORMALIZOWANY NUMER KSIĄŻKI - ISBN
ISBN 0130402648
040 ## - ŹRÓDŁO KATALOGOWANIA
Instytucja, która utworzyła rekord BPK
041 0# - KOD JĘZYKA
Kod języka tekstu en
080 ## - UNIWERSALNA KLASYFIKACJA DZIESIĘTNA - UKD
UKD 004.65
920 ## - Międzynarodowy znormalizowany numer książki – ISBN
ISBN 0-13-040264-8
008 - POLE O STAŁEJ DŁUGOŚCI - DANE KONTROLNE
podpole kontrolne o stałej długości s pl f |000 0 pol
100 1# - NAZWA OSOBOWA
Nazwa osobowa GARCIA-MOLINA, Hector
245 10 - TYTUŁ/ODPOWIEDZIALNOŚĆ
Tytuł Database system implementation /
Pozostałe elementy strefy tytułu i oznaczenia odpowiedzialności Hector Garcia-Molina, Jeffrey D. Ullman, Jennifer Widom.
260 ## - STREFA ADRESU WYDAWNICZEGO
Miejsce wydania Upper Saddle River, New Jersey :
Nazwa wydawcy/dystrybutora Prentice Hall,
Data publikacji, dystrybucji/powstania dokumentu 2000.
300 ## - STREFA OPISU FIZYCZNEGO
Objętość XV, 653 s. :
Inne cechy fizyczne rys. ;
Rozmiary 24 cm.
504 ## - UWAGA DOTYCZĄCA BIBLIOGRAFII
Informacje o bibliografii Bibliogr. przy rozdz. - Indeks.
650 #9 - HASŁO PRZEDMIOTOWE W FORMIE NAZWY OGÓLNEJ LUB JEDNOSTKOWEJ
Nazwa ogólna lub geograficzna Baza danych
Określnik ogólny budowa i organizacja
700 1# - HASŁO DODATKOWE - NAZWA OSOBOWA
Nazwa osobowa ULLMAN, Jeffrey D.
700 1# - HASŁO DODATKOWE - NAZWA OSOBOWA
Nazwa osobowa WIDOM, Jennifer
856 ## - LOKALIZACJA I DOSTĘP DO ELEKTRONICZNYCH DOKUMENTÓW ZDALNYCH
Link (URL) http://koha.tu.koszalin.pl/cgi-bin/koha/opac-detail.pl?biblionumber=36813
Tekst linku Katalog online BPK
942 ## - DODATKOWE ELEMENTY (KOHA)
Typ dokumentu Książka
Egzemplarze
Wycofany Status egzemplarza Uszkodzony Dostępność Lokalizacja stała Lokalizacja bieżąca Miejsce przechowywania Sygnatura Kod kreskowy Status: wypożyczony Typ dokumentu
      Dostępny Biblioteka Politechniki Koszalińskiej Biblioteka Politechniki Koszalińskiej Wypożyczalnia BG 51783 01463866 08.08.2026 Książka
© 2023 Biblioteka Politechniki Koszalińskiej :: KOHA